Marketing management : (Record no. 19602)

MARC details
000 -LEADER
fixed length control field 00741nam a2200265Ia 4500
008 - FIXED-LENGTH DATA ELEMENTS--GENERAL INFORMATION
fixed length control field 220501s2018 xx 000 0 eng d
020 ## - INTERNATIONAL STANDARD BOOK NUMBER
International Standard Book Number 9789332587106
082 ## - DEWEY DECIMAL CLASSIFICATION NUMBER
Classification number 658.8 GUP-M
100 ## - MAIN ENTRY--PERSONAL NAME
Personal name Gupta, Prachi
245 #0 - TITLE STATEMENT
Title Marketing management :
Remainder of title Indian cases /
Statement of responsibility, etc Prachi Gupta ... [et al.]
260 ## - PUBLICATION, DISTRIBUTION, ETC. (IMPRINT)
Place of publication, distribution, etc Noida :
Name of publisher, distributor, etc Pearson,
Date of publication, distribution, etc 2018.
300 ## - PHYSICAL DESCRIPTION
Extent / Pages vp. ;
650 ## - SUBJECT ADDED ENTRY--TOPICAL TERM
Topical term or geographic name as entry element Cases - Marketing - Indian
650 ## - SUBJECT ADDED ENTRY--TOPICAL TERM
Topical term or geographic name as entry element Marketing - cases - Indian
700 ## - ADDED ENTRY--PERSONAL NAME
Personal name Aggarwal, Ashita
700 ## - ADDED ENTRY--PERSONAL NAME
Personal name Jacob, Isaac
700 ## - ADDED ENTRY--PERSONAL NAME
Personal name Jain, Varsha
700 ## - ADDED ENTRY--PERSONAL NAME
Personal name Krishna, G Radha
700 ## - ADDED ENTRY--PERSONAL NAME
Personal name Majra, Hufrish
700 ## - ADDED ENTRY--PERSONAL NAME
Personal name Narang, Ritu
700 ## - ADDED ENTRY--PERSONAL NAME
Personal name Venkatesh, Shanthi
700 ## - ADDED ENTRY--PERSONAL NAME
Personal name A. Paul, Suresh
700 ## - ADDED ENTRY--PERSONAL NAME
Personal name Goswami, Susobhan
942 ## - ADDED ENTRY ELEMENTS (KOHA)
Source of classification or shelving scheme
Koha item type Reference Books
942 ## - ADDED ENTRY ELEMENTS (KOHA)
-- 33
Holdings
Withdrawn status Lost status Source of classification or shelving scheme Damaged status Not for loan Home library Current library Date acquired Source of acquisition Currency Cost, normal purchase price Full call number Barcode Date last seen Copy number Bill Date Koha item type Bill Number Total Checkouts Total Renewals Date last borrowed
          SOBD Library SOBD Library 22/05/2023 Vedi Books INR 350.00 658.8 GUP-M1 003915 25/07/2023 1 18/04/2023 Reference Books VEDI/23-24/04/12      
          SOBD Library SOBD Library 22/05/2023 Vedi Books INR 350.00 658.8 GUP-M2 003916 22/05/2023 2 18/04/2023 Books VEDI/23-24/04/12      
          SOBD Library SOBD Library 22/05/2023 Vedi Books INR 350.00 658.8 GUP-M3 003917 22/05/2023 3 18/04/2023 Books VEDI/23-24/04/12      
          SOBD Library SOBD Library 22/05/2023 Vedi Books INR 350.00 658.8 GUP-M4 003918 25/09/2023 4 18/04/2023 Books VEDI/23-24/04/12 2 2 21/08/2023
          SOBD Library SOBD Library 22/05/2023 Vedi Books INR 350.00 658.8 GUP-M5 003919 11/12/2023 5 18/04/2023 Books VEDI/23-24/04/12 2 1 27/11/2023
          SOBD Library SOBD Library 22/05/2023 Vedi Books INR 350.00 658.8 GUP-M6 003920 07/01/2026 6 18/04/2023 Books VEDI/23-24/04/12 4 1 11/12/2025
          SOBD Library SOBD Library 22/05/2023 Vedi Books INR 350.00 658.8 GUP-M7 003921 14/08/2023 7 18/04/2023 Books VEDI/23-24/04/12 1 1 25/07/2023
          SOBD Library SOBD Library 22/05/2023 Vedi Books INR 350.00 658.8 GUP-M8 003922 22/05/2023 8 18/04/2023 Books VEDI/23-24/04/12      
          SOBD Library SOBD Library 22/05/2023 Vedi Books INR 350.00 658.8 GUP-M9 003923 07/01/2026 9 18/04/2023 Books VEDI/23-24/04/12 6 8 24/12/2025
          SOBD Library SOBD Library 22/05/2023 Vedi Books INR 350.00 658.8 GUP-M10 003924 22/05/2023 10 18/04/2023 Books VEDI/23-24/04/12      
          SOBD Library SOBD Library 22/05/2023 Vedi Books INR 350.00 658.8 GUP-M11 003925 23/09/2025 11 18/04/2023 Books VEDI/23-24/04/12 4 1 08/09/2025
          SOBD Library SOBD Library 22/05/2023 Vedi Books INR 350.00 658.8 GUP-M12 003926 21/11/2025 12 18/04/2023 Books VEDI/23-24/04/12 6 1 07/11/2025
          SOBD Library SOBD Library 22/05/2023 Vedi Books INR 350.00 658.8 GUP-M13 003927 07/01/2026 13 18/04/2023 Books VEDI/23-24/04/12 4   24/12/2025
          SOBD Library SOBD Library 22/05/2023 Vedi Books INR 350.00 658.8 GUP-M14 003928 18/09/2025 14 18/04/2023 Books VEDI/23-24/04/12 2   01/09/2025
          SOBD Library SOBD Library 22/05/2023 Vedi Books INR 350.00 658.8 GUP-M15 003929 14/08/2024 15 18/04/2023 Books VEDI/23-24/04/12 2   05/08/2024
Hosted, Implemented, Customized & Maintained by: BestBookBuddies

Powered by Koha